Záujmové ekologické vzdelávanie. 3. časť

Bibliographic Details
Main Author: Holečko, Miroslav, 1950- (Author)
Format: Article
Language:Slovak
Subjects:

MARC

LEADER 00000nab a2200000 a 4500
001 vtls000415159
003 SK-MaSNL
005 20260303205343.0
008 120925c1991 xo 0 slo
015 |a SNBRB19rr/mm-uuuuu 
035 |a CL0415284 
040 |a SNKBUCL  |b slo  |c SNKBUCL  |e AACR2 
041 0 |a slo 
044 |a xo  |c SK 
080 |a 504.75:374  |2 1981 
080 |a 374  |2 1981 
080 |a 37.033  |2 1981 
100 1 |a Holečko, Miroslav,  |d 1950-  |4 aut  |9 237717 
245 1 0 |a Záujmové ekologické vzdelávanie. 3. časť  |c Miroslav Holečko 
650 0 7 |a ekológia  |2 snkbucl  |9 785 
650 0 7 |a vzdelávanie ekologické  |2 snkbucl  |9 1239929 
655 7 |a články z novín a časopisov  |2 snkbucl  |9 267496 
773 0 |t Osvetová práca  |g Roč. 41, č. 7 (1991), s. 11-13 
850 |a Slovenská národná knižnica v Martine  |a MTA001 
852 |a SNK  |b KIS3GCP 
958 |a RK 
992 |a RBX 
999 |c 2194921  |d 2196851